header

Beyond cosmology to post-cosmology (Record no. 249055)

MARC details
000 -LEADER
fixed length control field 01100nam a2200289Ia 4500
100 1# - MAIN ENTRY--AUTHOR NAME
Personal name Baofu, Peter.
245 10 - TITLE STATEMENT
Title Beyond cosmology to post-cosmology
260 ## - PUBLICATION, DISTRIBUTION, ETC. (IMPRINT)
Place of publication Cambridge, UK :
Name of publisher Cambridge International Science Pub.,
Year of publication 2010.
300 ## - PHYSICAL DESCRIPTION
Number of Pages xxiii, 454 p.
650 #0 - SUBJECT ADDED ENTRY--TOPICAL TERM
Topical Term Cosmology.
Topical Term Cosmogony.
856 40 - ELECTRONIC LOCATION AND ACCESS
Uniform Resource Identifier http://site.ebrary.com/lib/rucke/Doc?id=10451053

No items available.

© 2026 Rongo University
Contact us: librarian | system librarian | Rongo university